Epilogue
| Main Author: | |
|---|---|
| Contributors: | ; |
| Format: | Print Article |
| Language: | English |
| Check availability: | HBZ Gateway |
| Interlibrary Loan: | Interlibrary Loan for the Fachinformationsdienste (Specialized Information Services in Germany) |
| Published: |
1994
|
| In: |
The Cambridge ancient history ; 6: The @fourth century B.C.
Year: 1994, Pages: 876-881 |
| Standardized Subjects / Keyword chains: | B
Greece (Antiquity)
/ History
B Iran (Antiquity) / History |
| RelBib Classification: | TC Pre-Christian history ; Ancient Near East |
| Further subjects: | B
Alexander III Macedonia, King v356-v323
B Epilog |
MARC
| LEADER | 00000caa a22000002c 4500 | ||
|---|---|---|---|
| 001 | 1589168852 | ||
| 003 | DE-627 | ||
| 005 | 20240507204245.0 | ||
| 007 | tu | ||
| 008 | 190311s1994 xx ||||| 00| ||eng c | ||
| 020 | |a 9780521233484 | ||
| 035 | |a (DE-627)1589168852 | ||
| 035 | |a (DE-576)519168852 | ||
| 035 | |a (DE-599)BSZ519168852 | ||
| 040 | |a DE-627 |b ger |c DE-627 |e rakwb | ||
| 041 | |a eng | ||
| 084 | |a 1 |2 ssgn | ||
| 100 | 1 | |0 (DE-588)135771676 |0 (DE-627)571252842 |0 (DE-576)161488013 |4 aut |a Hornblower, Simon |d 1949- | |
| 109 | |a Hornblower, Simon 1949- | ||
| 245 | 1 | 0 | |a Epilogue |
| 264 | 1 | |c 1994 | |
| 336 | |a Text |b txt |2 rdacontent | ||
| 337 | |a ohne Hilfsmittel zu benutzen |b n |2 rdamedia | ||
| 338 | |a Band |b nc |2 rdacarrier | ||
| 600 | 0 | 7 | |0 (DE-588)118501828 |0 (DE-627)079306691 |0 (DE-576)180916327 |a Alexander |b III. |c Makedonien, König |d v356-v323 |2 gnd |
| 650 | 0 | 7 | |0 (DE-588)4152517-6 |0 (DE-627)105537691 |0 (DE-576)209796162 |a Epilog |2 gnd |
| 652 | |a TC | ||
| 689 | 0 | 0 | |d g |0 (DE-588)4093976-5 |0 (DE-627)10481408X |0 (DE-576)209303867 |2 gnd |a Griechenland |g Altertum |
| 689 | 0 | 1 | |q z |2 gnd |a Geschichte |
| 689 | 0 | |5 (DE-627) | |
| 689 | 1 | 0 | |d g |0 (DE-588)4072922-9 |0 (DE-627)104123273 |0 (DE-576)209188677 |2 gnd |a Iran |g Altertum |
| 689 | 1 | 1 | |q z |2 gnd |a Geschichte |
| 689 | 1 | |5 (DE-627) | |
| 700 | 1 | |0 (DE-588)119559536 |0 (DE-627)080376002 |0 (DE-576)212743805 |4 oth |a Lewis, David M. |d 1928-1994 | |
| 700 | 1 | |0 (DE-588)120612194 |0 (DE-627)08078156X |0 (DE-576)160333261 |4 oth |a Boardman, John |d 1927-2024 | |
| 773 | 0 | 8 | |i In |t The Cambridge ancient history ; 6: The @fourth century B.C. |b 2. ed. |d Cambridge : Cambridge University Press, 1994 |g (1994), Seite 876-881 |h XIX, 1077 S. |w (DE-627)1111841225 |w (DE-576)041841220 |z 9780521233484 |z 0521233488 |7 nnam |
| 773 | 1 | 8 | |g year:1994 |g pages:876-881 |
| 935 | |a BIIN | ||
| 951 | |a AR | ||
| BIB | |a 1 | ||
| ELC | |b 1 | ||
| ITA | |a 1 |t 1 | ||
| LOK | |0 000 xxxxxcx a22 zn 4500 | ||
| LOK | |0 001 3058920350 | ||
| LOK | |0 003 DE-627 | ||
| LOK | |0 004 1589168852 | ||
| LOK | |0 005 20190311195540 | ||
| LOK | |0 008 190311||||||||||||||||ger||||||| | ||
| LOK | |0 035 |a (DE-Tue135-1)107991 | ||
| LOK | |0 040 |a DE-Tue135-1 |c DE-627 |d DE-Tue135-1 | ||
| LOK | |0 852 |a DE-Tue135-1 | ||
| LOK | |0 852 1 |c AT11581/HRS/4 |m p |9 00 | ||
| LOK | |0 852 2 |b Z 65 |9 00 | ||
| LOK | |0 935 |a iSWA | ||
| LOK | |0 936ln |0 1442053569 |a TC | ||
| LOK | |0 938 |k p | ||
| LOK | |0 939 |a 11-03-19 |b l12 | ||
| ORI | |a SA-MARC-ixtheoa001.raw | ||
| REF | |a Alte Geschichte | ||
| REL | |a 1 | ||
| STA | 0 | 0 | |a Epilog,Epilogue,History,History,History in art |
| STB | 0 | 0 | |a Histoire,Histoire,Histoire,Épilogue |
| STC | 0 | 0 | |a Epílogo,Historia,Historia,Historia |
| STD | 0 | 0 | |a Epilogo,Storia,Storia |
| STE | 0 | 0 | |a 历史,史,后记,结束语,跋 |
| STF | 0 | 0 | |a 後記,結束語,跋,歷史,史 |
| STG | 0 | 0 | |a Epílogo,História,História |
| STH | 0 | 0 | |a История (мотив),История,Эпилог |
| STI | 0 | 0 | |a Επίλογος,Ιστορία (μοτίβο),Ιστορία |
| SUB | |a BIB |a REL | ||
| SYA | 0 | 0 | |a Alexandre,III,Macédoine, roi,v356-v323,Alexander,Macedonia, King,v356-v323,Alexander,v356-v323,Alexander,III.,Macedonia, Rex,v356-v323,Alexander,Rex,v356-v323,Alexander,Epistolographus,v356-v323,Alexander,III.,Mazedonien, König,v356-v323,Alexandros,der Große,v356-v323,Alexandros,III,Macedonia, Rex,v356-v323,Pseudo-Alexander,Magnus,v356-v323,Alexander,der Große,v356-v323,Alexandre,le grand,v356-v323,Alexander,the Great,v356-v323,Alexander,Magnus,v356-v323,Alexander,III.,König von Makedonien,v356-v323,Alexander,III.,König von Mazedonien,v356-v323,Alexander,III.,the Great,v356-v323,Alessandro,Magno,v356-v323,Alexandros,ho Megas,v356-v323,Megalexandros,v356-v323,Alexander,III,von Makedonien,v356-v323,Alejandro Magno,v356-v323,Aleksander Moqdōn,v356-v323,Aleksander Wielk,v356-v323,Aleksandr Makedonskij,v356-v323,Alessandro Magno,v356-v323,Alexander Magnus,König von Makedonien,v356-v323,Alexander Magnus,Makedonien, König,v356-v323,Alexander,Kaiser,v356-v323,Alexander,Macedonis,v356-v323,Alexandros,v356-v323,Alexandros,Epistolographus,v356-v323,Alexandros,III.,Makedonia, Basileus,v356-v323,Alexandros,Megas,v356-v323,Alexandrus,Magnus,v356-v323,Alexandr Veliký,v356-v323,Ἀλέξανδρος ὁ Μέγας,v356-v323 |
| SYG | 0 | 0 | |a Elliniki Dimokratia,Basileion tēs Hellados,Yunanistan,République Hellénique,Ellada,Greece,Vasilion tis Ellados,Hellenic Republic,Grèce,Royaume de Grèce,Elli̲niki̲ Di̲mokratia,Hellēnikē Demokratia,Elli̱niki̱ Di̱mokratia,Vasileion ti̲s Ellados,Hellas,Ellas,Ellēnikē Dēmokratia,Hellēnikē Dēmokratia,Hellenische Republik,Griechenland , History,Geschichtliche Epoche,Historical development,Historische Entwicklung,Landesgeschichte,Regionalgeschichte,Ortsgeschichte,Zeitgeschichte , Iran,Ǧunbiš-i sabz,Ǧunbiš-i sabz,Ǧunbiš-i sabz,Iranian Green Movement,Die Grüne Revolution,Die Grüne Bewegung , Achämenidenreich,Perserreich,Persien,Sassanidenreich,Sasanidenreich,Jomhōri-e Islamī-e Iran,Kišwar-i Šāhanšāhī-i Īrān,Īrān,Īrān,Īrān,Islamische Republik Iran,Islamic Republic of Iran,République islamique d'Iran,Imperial Government of Iran,al-Ǧumhūrīya al-Islāmīya al-Īrānīya,Īrān,Īrān,Īrān,Daulat-i ʿAlīya-i Īrān,Pārs,Ǧumhūrīyat Īrān al-Islāmīya,al-Ǧumhūrīya al-Islāmīya al-Īrānīya,al-Ǧumhūriyya al-Islāmiyya al-Īrāniyya,Daulat-i Šāhinšāhī-i Īrān,Gouvernement Impérial de l'Iran,IR Iran,Persien,Islamische Republik Iran,Islamic Republic of Iran,Persia,Ǧumhūrī-i Islāmī-i Īrān,Perse,République islamique d'Iran , History,Geschichtliche Epoche,Historical development,Historische Entwicklung,Landesgeschichte,Regionalgeschichte,Ortsgeschichte,Zeitgeschichte |



